| 000 | 00000nam##2200000za#4500 |
| 001 | 9.686019 |
| 003 | CaOODSP |
| 005 | 20210624230340 |
| 007 | cr ||||||||||| |
| 008 | 150407|2000||||xxc|||||o f|0| 0 eng|d |
| 020 | |a0-662-30060-2 |
| 040 | |aCaOODSP|beng |
| 043 | |an-cn--- |
| 086 | 1 |aE2-220/2000E-IN |
| 110 | 1 |aCanada.|bForeign Affairs and International Trade. |bCanadian Centre for Foreign Policy Development. |
| 245 | 10|aReport from the Roundtable on Small Arms and the OAS |h[electronic resource] |
| 260 | |aOttawa - Ontario : |bForeign Affairs and International Trade. |c2000. |
| 300 | |a9p. |
| 590 | |a10-06-Supp|b2010-07-26 |
| 690 | 07|aArmed forces|2gcpds |
| 690 | 07|aArms control|2gcpds |
| 690 | 07|aForeign policy|2gcpds |
| 690 | 07|aStrategies|2gcpds |
| 776 | 0#|tReport from the Roundtable on Small Arms and the OAS / |w(CaOODSP)9.648077 |
| 856 | 40|ahttp://publications.gc.ca|qPDF|s604 KB|uhttps://publications.gc.ca/collections/Collection/E2-220-2000E.pdf |
| 986 | |a1009.10E |